000 00888nam a22002297a 4500
999 _c8780
_d8780
003 AR-CdUCM
008 190308b ||||| |||| 00| 0 spa d
040 _aMUNICIPALIDAD PROVINCIAL DEL CUSCO
_cBIBLIOTECA MUNICIPAL DEL CUSCO
082 _a721 /
_bM86
100 _aMoreno García, Francisco
_913254
245 _aArcos y Bóvedas /
260 _aBarcelona :
_bEdiciones CEAC,
_c1965..
300 _a163 páginas ;
_bfiguras,
_c22 cm.
440 _aMonografías CEAC de construcción, Vía layetana.
_n17
_913255
440 _aBarcelona.
_n3
_913256
505 _aContenido: Arcos y su trazado -- Componentes del arco -- Clases de arco y su trazado -- Aparejos para arcos de piedra y ladrillo -- Construcción de arcos -- Bóvedas y sus clases ...
650 _aArquitectura
_93356
650 _aSiglo XVI
_9326
650 _aConstrucción
_94996
942 _2ddc
_cLIBROS
945 _arah